书目信息 |
| 题名: |
中国河运地理
|
|
| 作者: | 北京大学地质地理系经济地理专业1955级 编著 | |
| 分册: | ||
| 出版信息: | 北京 商务印书馆 1962 |
|
| 页数: | 303页 | |
| 开本: | 20cm | |
| 丛书名: | ||
| 单 册: | ||
| 中图分类: | F552 | |
| 科图分类: | ||
| 主题词: | 内河运输--运输地理--中国 | |
| 电子资源: | ||
| ISBN: | ||
| 000 | 00744nam0 2200217 450 | |
| 001 | 0735221820 | |
| 005 | 20070724091750.79 | |
| 010 | @dCNY1.50 | |
| 091 | @a12017.137 | |
| 100 | @a20070719d km y0chiy0120 ea | |
| 101 | 0 | @achi |
| 102 | @aCN@b110000 | |
| 102 | @aCN@b110000 | |
| 200 | 1 | @a中国河运地理@Azhong guo he yun di li@f北京大学地质地理系经济地理专业1955级编著@Fbei jing da xue di zhi di li xi jing ji di li zhuan ye 1955 ji bian zhu |
| 210 | @a北京@c商务印书馆@d1962 | |
| 215 | @a303页@d20cm | |
| 606 | 0 | @a内河运输@x运输地理@y中国 |
| 690 | @aF552@v3 | |
| 701 | 0 | @a北京大学地质地理系经济地理专业1955级@Abei jing da xue di zhi di li xi jing ji di li zhuan ye 1955 ji@4编著 |
| 801 | 0 | @aCN@bPFT@c20070724 |
| 905 | @a10447@dF552@e4 | |
| 中国河运地理/北京大学地质地理系经济地理专业1955级编著.-北京:商务印书馆,1962 |
| 303页;20cm |
| ISBN :CNY1.50 |
| ● |
| 相关链接 |
|
|
|
|
正题名:中国河运地理
索取号:F552/4
 
预约/预借
| 序号 | 登录号 | 条形码 | 馆藏地/架位号 | 状态 | 备注 |
| 1 | 0770363 | 207703635 | 第一样本阅览室/ [索取号:F552/4] | 在馆 |